000 00414nam a2200181Ia 4500
001 9578
005 20260306161728.0
008 260306t2008||||xx |||||||||||||| ||spa||
041 _aESP
082 _a382.1
_bM19 2008
100 _aMalca G., Oscar
_eAUT
245 0 _aComercio internacional
260 _c2008
300 _a450 páginas :
_ccm.
650 _aGEN
654 _aCAN
942 _cLIB
_dJUS
_fJUS
_2ddc
_n
999 _c9578
_d9578